Statistics for Blackburn Rovers Champions League Players

Click here to take the quiz!

General Stats

  • This quiz has been taken 22 times
  • The average score is 8 of 18

Answer Stats

Rovers% Correct
Alan Shearer
100%
Chris Sutton
72%
Tim Flowers
67%
Tim Sherwood
67%
Colin Hendry
61%
Graeme Le Saux
61%
Henning Berg
50%
Stuart Ripley
50%
David Batty
44%
Mike Newell
44%
Kevin Gallacher
33%
Mark Atkins
33%
Ian Pearce
28%
Jeff Kenna
28%
Paul Warhurst
17%
Matt Holmes
11%
Nicky Marker
11%
Lee Makel
0%

Score Distribution

Percentile by Number Answered

Percent of People with Each Score

Your Score History

You have not taken this quiz